Dificultades financieras y evolución económica (Registro nro. 24611)

Detalles MARC
000 -LEADER
fixed length control field 00323 a2200109 4500
001 - CONTROL NUMBER
control field ART_9866
005 - DATE AND TIME OF LATEST TRANSACTION
control field 20260410161847.0
008 - FIXED-LENGTH DATA ELEMENTS--GENERAL INFORMATION
fixed length control field 260409a
100 1# - MAIN ENTRY--PERSONAL NAME
Personal name Gini, Corrado
245 10 - TITLE STATEMENT
Title Dificultades financieras y evolución económica
773 0# - HOST ITEM ENTRY
Title Económica
Related parts - Año I, Nº 1 (jul./sep. 1954)
Record control number REV7541

No hay ítems disponibles.